El Salvador: régimen de planificación, presupuestación y evaluación pública en El Salvador
Spremljeno u:
| Format: | Tekst |
|---|---|
| Oznake: |
Dodaj oznaku
Bez oznaka, Budi prvi tko označuje ovaj zapis!
|
MARC
| LEADER | 00000 a a2200000 04500 | ||
|---|---|---|---|
| 001 | 47612 | ||
| 003 | |||
| 040 | |||
| 245 | |a El Salvador: |b régimen de planificación, presupuestación y evaluación pública en El Salvador | ||
| 773 | |g páginas 115-146 | ||
| 999 | |c 34456 |d 34456 | ||
